EXTREME Movie Directors Quiz! - Statistics

General Stats
  • This quiz has been taken 84 times
    8 since last reset
  • The average score is 55 of 186
Answer Stats
Famous Movies Answer % Correct
- Jurassic Park- E.T. The Extra-Terrestrial - Jaws - Schindler's List - Raiders Of The Lost Ark Steven Spielberg
100%
- Psycho- North By Northwest - The Birds Alfred Hitchcock
86%
- The Dark Knight- Interstellar - Oppenheimer Christopher Nolan
86%
- Avatar- Titanic - The Terminator - Aliens James Cameron
86%
- Goodfellas- Taxi Driver
- The Wolf Of Wall Street - Killers Of The Flower Moon
Martin Scorsese
86%
- Citizen Kane- Touch Of Evil - Macbeth Orson Welles
86%
- Pulp Fiction- Reservoir Dogs - Django Unchained Quentin Tarantino
86%
- 2001: A Space Odyssey- The Shining - Full Metal Jacket Stanley Kubrick
86%
- Beetlejuice- Edward Scissorhands - Batman Tim Burton
86%
- Fight Club- Seven - The Social Network David Fincher
71%
- Dune (1984)- Mulholland Drive - The Elephant Man David Lynch
71%
- The Godfather- The Godfather: Part II - Apocalypse Now Francis Ford Coppola
71%
- Star Wars: Episodes I-III- American Graffiti George Lucas
71%
- Mad Max- Happy Feet - The Witches Of Eastwick George Miller
71%
- Guardians Of The Galaxy- The Suicide Squad - Superman (2025) James Gunn
71%
- Armageddon- Transformers - Bad Boys Michael Bay
71%
- Gladiator- Alien - Blade Runner Ridley Scott
71%
- American Beauty- Skyfall - 1917 Sam Mendes
71%
- Annie Hall- Blue Jasmine - Manhattan Murder Mystery Woody Allen
71%
- Avengers: Endgame- Avengers: Infinity War - Captain America: Civil War Anthony & Joe Russo
57%
- Scarface- The Untouchables - Carrie Brian De Palma
57%
- Home Alone- Mrs. Doubtfire
- Harry Potter And The Sorcerer's Stone
Chris Columbus
57%
- Gran Torino- The Mule - Million Dollar Baby Clint Eastwood
57%
- Whiplash- La La Land - Babylon Damien Chazelle
57%
- American Hustle- Three Kings - Amsterdam David O. Russell
57%
- Dune- Blade Runner 2049 - Prisoners Denis Villeneuve
57%
- Hellboy- Pacific Rim - The Shape Of Water Guillermo del Toro
57%
- Star Trek (2009)- Star Wars: Episode VII – The Force Awakens - Super 8 J.J. Abrams
57%
- The Big Lebowski- No Country For Old Men - Fargo Joel & Ethan Cohen
57%
- The Lost Boys- Batman Forever - Falling Down Joel Schumacher
57%
- Halloween- The Thing - Big Trouble In Little China John Carpenter
57%
- Iron Man- Elf - Chef Jon Favreau
57%
- Braveheart- Hacksaw Ridge - The Passion Of The Christ Mel Gibson
57%
- Boogie Nights- Inherent Vice - There Will Be Blood Paul Thomas Anderson
57%
- The Lord Of The Rings- The Hobbit - King Kong Peter Jackson
57%
- Stand By Me- A Few Good Men - The American President Rob Reiner
57%
- Spider-Man- The Evil Dead - Doctor Strange In The Multiverse Of Madness Sam Raimi
57%
- Thor: Ragnarok- Jojo Rabbit - Next Goal Wins Taika Waititi
57%
- Joker- The Hangover - War Dogs Todd Phillips
57%
- The Royal Tenenbaums- Fantastic Mr. Fox - The Grand Budapest Hotel Wes Anderson
57%
- Batman V Superman: Dawn Of Justice- 300 - Rebel Moon Zack Snyder
57%
- Zoolander- The Secret Life Of Walter Mitty - Tropic Thunder Ben Stiller
43%
- Parasite - Snowpiercer- Okja - Mickey 17 Bong Joon Ho
43%
- The Usual Suspects- X-Men - Bohemian Rhapsody Bryan Singer
43%
- Trainspotting- 28 Days Later - Steve Jobs Danny Boyle
43%
- Harry Potter And The Deathly Hallows- Fantastic Beasts And Where To Find Them - The Legend Of Tarzan David Yates
43%
- Pirates Of The Caribbean: The Curse OfThe Black Pearl - The Lone Ranger - Rango Gore Verbinski
43%
- Good Will Hunting- My Own Private Idaho - Milk Gus Van Sant
43%
- The Gentleman- Sherlock Holmes - Lock, Stock And Two Smoking Barrels Guy Ritchie
43%
- Logan- Ford v Ferrari - A Complete Unknown James Mangold
43%
- Jumanji- October Sky - The Wolfman Joe Johnston
43%
- The Breakfast Club- Ferris Bueller's Day Off - Planes, Trains, And Automobiles John Hughes
43%
- The Avengers- Serenity - Avengers: Age Of Ultron Joss Whedon
43%
- The Amazing Spider-Man- Gifted - (500) Days of Summer Marc Webb
43%
- Young Frankenstein- Spaceballs - Blazing Saddles Mel Brooks
43%
- Miami Vice- Ali - Public Enemies Michael Mann
43%
- Unbreakable- The Sixth Sense - Glass M. Night Shyamalan
43%
- The Lighthouse- Nosferatu (2024) - The Northman Robert Eggers
43%
- Apollo 13- The Da Vinci Code - A Beautiful Mind Ron Howard
43%
- The Black Phone- Doctor Strange - The Day The Earth Stood Still Scott Derrickson
43%
- Malcolm X- Oldboy - Inside Man Spike Lee
43%
- Scream- A Nightmare On Elm Street - The Hills Have Eyes Wes Craven
43%
- The Holdovers - Sideways - The Descendants Alexander Payne
29%
- Training Day- The Equalizer - Southpaw Antoine Fuqua
29%
- Rain Man- Good Morning, Vietnam - Diner Barry Levinson
29%
- The Iron Giant- The Incredibles - Ratatouille Brad Bird
29%
- Rush Hour- Red Dragon - X-Men: The Last Stand Brett Ratner
29%
- Jerry Maguire- Almost Famous - Vanilla Sky Cameron Crowe
29%
- Nomadland- Eternals - The Rider Chloé Zhao
29%
- The Way Of The Gun- Jack Reacher - Mission: Impossible - Fallout Christopher McQuarrie
29%
- Black Swan- The Wrestler - Caught Stealing Darren Aronofsky
29%
- Fury- Suicide Squad - The Beekeeper David Ayer
29%
- The Bourne Identity- Mr. & Mrs. Smith - Road House (2024) Doug Liman
29%
- Scott Pilgrim Vs. The World- Baby Driver - Shaun Of The Dead Edgar Wright
29%
- Blood Diamond- Glory - The Last Samurai Edward Zwick
29%
- Thanksgiving- Hostel - Borderlands Eli Roth
29%
- Rogue One: A Star Wars Story- Godzilla - The Creator Gareth Edwards
29%
- Barbie- Lady Bird - Little Women Greta Gerwig
29%
- Ghostbusters- Stripes - Twins Ivan Reitman
29%
- The Conjuring- Saw - Aquaman James Wan
29%
- Speed- Twister - The Haunting Jan de Bont
29%
- Austin Powers (Series)- Meet The Parents - Trumbo Jay Roach
29%
- The Dark Crystal- Labyrinth - The Great Muppet Caper Jim Henson
29%
- Gremlins- Small Soldiers - The Howling Joe Dante
29%
- Predator- Die Hard - Last Action Hero John McTiernan
29%
- Boyz N The Hood- 2 Fast 2 Furious - Shaft John Singleton
29%
- Face/Off- Mission: Impossible 2 - Hard Boiled John Woo
29%
- Murder on the Orient Express- Thor - Death On The Nile Kenneth Branagh
29%
- Horizon: An American Saga- Dances With The Wolves - Open Range Kevin Costner
29%
- Clerks- Tusks - Dogma Kevin Smith
29%
- Silverado- Body Heat - Wyatt Earp Lawrence Kasdan
29%
- Léon: The Professional- The Fifth Element - Lucy Luc Besson
29%
- Beverly Hills Cop- Meet Joe Black - Scent Of A Woman Martin Brest
29%
- Kingsman- Kick-Ass - X-Men: First Class Matthew Vaughn
29%
- The Batman- Dawn Of The Planet Of The Apes - Cloverfield Matt Reeves
29%
- One Flew Over The Cuckoo’s Nest- The People Vs. Larry Flynt - Man On The Moon Miloš Forman
29%
- Platoon- Heaven And Earth - Born On The Fourth Of July Oliver Stone
29%
- Dumb And Dumber- Osmosis Jones - Shallow Hal Peter & Bobby Farrelly
29%
- Die Hard 2- Deep Blue Sea - Cliffhanger Renny Harlin
29%
- The Goonies- Superman - Lethal Weapon Richard Donner
29%
- Spy Kids- From Dusk Till Dawn - Machete Robert Rodriguez
29%
- Back To The Future- Forrest Gump - Who Framed Roger Rabbit - The Polar Express Robert Zemeckis
29%
- Independence Day- The Day After Tomorrow - 2012 Roland Emmerich
29%
- Free Guy - Real Steel - Deadpool & Wolverine Shawn Levy
29%
- 12 Angry Men- Dog Day Afternoon - Serpico Sidney Lumet
29%
- Ocean’s Eleven- Erin Brockovich - Logan Lucky Steven Soderbergh
29%
- Top Gun- True Romance - Man On Fire Tony Scott
29%
- Poor Things- The Favourite - The Lobster Yorgos Lanthimos
29%
- Anchorman: The Legend of Ron Burgundy- Talladega Nights: The Ballad of Ricky Bobby - The Other Guys Adam McKay
14%
- Terminator Genisys- Thor: The Dark World - The Many Saints of Newark Alan Taylor
14%
- Midsommar- Hereditary - Beau Is Afraid Ari Aster
14%
- Elvis- The Great Gatsby - Romeo + Juliet Baz Luhrmann
14%
- Jurassic World- Safety Not Guaranteed Colin Trevorrow
14%
- Prey- 10 Cloverfield Lane - Predator: Killer Of Killers Dan Trachtenberg
14%
- Bullet Train- Deadpool 2 - The Fall Guy David Leitch
14%
- The Naked Gun- Airplane! - Top Secret! David Zucker
14%
- The Land Before Time- The Secret Of NIMH - An American Tail Don Bluth
14%
- Don’t Breathe- Alien: Romulus - Evil Dead (2013) Fede Álvarez
14%
- Friday- The Italian Job - The Fate Of The Furious F. Gary Gray
14%
- Constantine- I Am Legend - The Hunger Games: Catching Fire Francis Lawrence
14%
- Little Shop Of Horrors- The Score - Death At A Funeral Frank Oz
14%
- The Hunger Games- Ocean’s 8 - Pleasantville Gary Ross
14%
- Warrior- The Account - Pride And Glory Gavin O’ Connor
14%
- Tron: Ares- Maleficent: Mistress of Evil - Young Woman And The Sea Joachim Rønning
14%
- The Blues Brothers- Animal House - Trading Places John Landis
14%
- My Cousin Vinny
- Clue
- The Whole Nine Yards
Jonathan Lynn
14%
- Spider-Man: Homecoming - Spider-Man: Far From Home - Spider-Man: No Way Home Jon Watts
14%
- Top Gun: Maverick- Oblivion - Tron: Legacy Joseph Kosinski
14%
- Zero Dark Thirty- The Hurt Locker - Detroit Kathryn Bigelow
14%
- Fast X- The Incredible Hulk - Now You See Me Louis Leterrier
14%
- Challengers- Bones And All - A Bigger Splash Luca Guadagnino
14%
- Quantum Of Solace- World War Z - A Man Called Otto Marc Forster
14%
- Hancock- Friday Night Lights - Deepwater Horizon Peter Berg
14%
- Bring It On- Ant-Man - Yes Man Peyton Reed
14%
- Taken- The Gunman - Peppermint Pierre Morel
14%
- Knives Out- Star Wars: Episode VIII – The Last Jedi - Looper Rian Johnson
14%
- Before Sunrise- School Of Rock - Hit Man Richard Linklater
14%
- XXX- The Mummy: Tomb Of The Dragon Emperor - Daylight Rob Cohen
14%
- Zombieland- Venom - Uncharted Ruben Fleischer
14%
- Black Panther- Creed - Fruitvale Station Ryan Coogler
14%
- Anora- Red Rocket - The Florida Project Sean Baker
14%
- Iron Man 3- Kiss Kiss Bang Bang - The Nice Guys Shane Black
14%
- Con Air- The Mechanic - The Expendables 2 Simon West
14%
- The Mummy- Van Helsing - The Scorpion King Stephen Sommers
14%
- Ride Along- Fantastic Four (2005) - The Blackening Tim Story
14%
- Bruce Almighty- Ace Ventura: Pet Detective - The Nutty Professor Tom Shadyac
14%
- Madea (Series) Tyler Perry
14%
- Hot Rod- Chip 'n Dale: Rescue Rangers - The Naked Gun (2025) Akiva Schaffer
0%
- Ex Machina- Annihilation - Civil War Alex Garland
0%
- The Forge- War Room - Facing The Giants Alex Kendrick
0%
- San Andreas- Rampage - Journey 2: The Mysterious Island Brad Peyton
0%
- The Brutalist- Vox Lux - The Childhood Of A Leader Brady Corbet
0%
- Black Widow- Lore - Berlin Syndrome Cate Shortland
0%
- John Wick (Series) Chad Stahelski
0%
- Cruella- Dumb Money - I, Tonya Craig Gillespie
0%
- Halloween (2018)- Pineapple Express - Stronger David Gordon Green
0%
- Shang-Chi And The Legend Of The Ten Rings- Just Mercy - Short Term 12 Destin Daniel Cretton
0%
- XXX: Return of Xander Cage- Disturbia - Two For The Money D. J. Caruso
0%
- Men Of Honor- Notorious - Faster George Tillman Jr.
0%
- Superbad
- Paul
- Keeping Up With The Joneses
Greg Mottola
0%
- Jumanji: Welcome To The Jungle- Bad Teacher - Red One Jake Kasdan
0%
- Ad Astra- Little Odessa - The Immigrant James Gray
0%
- Eden Lake- Bastille Day - Speak No Evil James Watkins
0%
- Napoleon Dynamite- Nacho Libre - A Minecraft Movie Jared Hess
0%
- Non-Stop- The Shallows - Black Adam Jaume Collet-Serra
0%
- Mud- The Bikeriders - Take Shelter Jeff Nichols
0%
- Truth Or Dare- Imaginary - Kick-Ass 2 Jeff Wadlow
0%
- The Founder- Saving Mr. Banks - The Little Things John Lee Hancock
0%
- Fried Green Tomatoes- Up Close & Personal - Righteous Kill Jon Avnet
0%
- Crazy Rich Asians- Wicked - In The Heights Jon M. Chu
0%
- The Fault In Our Stars- Stuck In Love - The New Mutants Josh Boone
0%
- Knocked Up- The 40-Year-Old Virgin - Trainwreck Judd Apatow
0%
- Captain America: Brave New World- The Cloverfield Paradox Julius Onah
0%
- The Invisible Man- Upgrade - Insidious: Chapter 3 Leigh Whannell
0%
- The Greatest Showman- Better Man Michael Gracey
0%
- The Big Stick- The Idea Of You - The Eyes Of Tammy Faye Michael Showalter
0%
- Candyman (2021)- The Marvels - Little Woods Nia DaCosta
0%
- Ghostbusters (2016)- Spy - Bridesmaids Paul Feig
0%
- 21 Jump Street- The LEGO Movie - Cloudy With A Chance Of Meatballs Phil Lord & Christopher Miller
0%
- We’re The Millers- Dodgeball: A True Underdog Story - Central Intelligence Rawson Marshall Thurber
0%
- King Richard- Bob Marley: One Love - We Own This City Reinaldo Marcus Green
0%
- Fifty Shades Of Grey- Back To Black - Nowhere Boy Sam Taylor-Johnson
0%
- Daddy’s Home- That’s My Boy - Spirited Sean Anders
0%
- Horrible Bosses- Baywatch - Four Christmases Seth Gordon
0%
- It Comes At Night- Hurry Up Tomorrow - Waves Trey Edward Shults
0%
- The Maze Runner- Kingdom Of The Planet Of The Apes Wes Ball
0%
No matching quizzes found
Score Distribution
Percent of People with Each Score
Percentile by Number Answered
Your Score History
You have not taken this quiz since the last reset